Novaja technika na strojkach Moskvy.
Uložené v:
| Médium: | Kniha |
|---|---|
| Jazyk: | Russian |
| Vydané: |
Moskva :
Moskov. rabočij,
1954.
|
| Fyzický popis: |
433 strán. |
| Tagy: |
Pridať tag
Žiadne tagy, Buďte prvý kto otaguje tento záznam!
|
Titul je dostupný aj v ... 

MARC
| LEADER | 00000nam a22000002i 4500 | ||
|---|---|---|---|
| 001 | 000687283 | ||
| 005 | 20221102094518.0 | ||
| 008 | 221102s1954 ru e 000 0 rus d | ||
| 020 | |c Kčs 28,50 |q (viazané) | ||
| 040 | |a SVKKK |b slo |c SVKKK |e rda | ||
| 245 | 0 | 0 | |a Novaja technika na strojkach Moskvy. |
| 264 | 1 | |a Moskva : |b Moskov. rabočij, |c 1954. | |
| 300 | |a 433 strán. | ||
| 336 | |a text |b txt |2 rdacontent | ||
| 337 | |a bez média |b n |2 rdamedia | ||
| 338 | |a zväzok |b nc |2 rdacarrier | ||
| 500 | |a Záznam revízie | ||
| 910 | |a svkkk | ||
| 998 | |a BK | ||
| 090 | |g SCKHL |k Sklad Pribinova 3. posch. |a V.7974 |j 102486 |i 2720917962 |4 Zastaraná |s Vyradená | ||